000
00308nam a22001457a 4500
003
SGT
082
_a
340,MAL
100
_a
MALHOTRA ANIL
245
_a
INTERNATIONAL & INDIAN THE LAW
250
_a
3RD
260
_a
NEW DELHI
_b
UNIVERSAL
_c
2015
300
_a
640
650
_a
LAW BOOKS
942
_2
ddc
_c
BK
_0
1
999
_c
10134
_d
10134